Pays Francophones sur une Carte - Statistiques

Statistiques générales
  • Ce quiz a été pris 135 fois
    18 depuis la dernière actualisation
  • Le résultat moyen est 28 sur 35
Réponses sur la Carte
Les réponses sont colorées sur une échelle allant du rouge au vert en fonction du pourcentage des utilisateurs qui les ont devinées à leur premier essai. Vous pouvez retrouver ces pourcentages ci-dessous.
 
Statistiques - réponses
Pays % Correct
Algérie
100%
Belgique
100%
Canada
100%
France
100%
Madagascar
100%
Maroc
100%
Niger
94%
Tunisie
94%
Guinée
89%
Mali
89%
Mauritanie
89%
République Démocratique du Congo
89%
République du Congo
89%
Suisse
89%
Sénégal
83%
Tchad
83%
Gabon
78%
Maurice
78%
Seychelles
78%
Comores
72%
Guinée Équatoriale
72%
Sao Tomé-et-Principe
72%
Bénin
67%
Burkina Faso
67%
Cameroun
67%
Côte d'Ivoire
67%
Haïti
67%
Rwanda
67%
Togo
67%
Burundi
61%
Djibouti
61%
Luxembourg
61%
République Centrafricaine
61%
Liban
56%
Vanuatu
44%
Aucun quiz correspondant
Distribution des résultats
% des personnes avec chaque résultat
Percentile par nombre de réponses
Votre historique - résultats
Vous n’avez pas pris ce quiz depuis la dernière actualisation